IV centenario de la imprenta en México, la primera en América conferencias sustentadas en su conmemoración

Detalles Bibliográficos
Formato: Libro
Lenguaje:Spanish
Publicado: en México : s.n., 1939.
Materias:
Colección:Banco de datos
Acervo:Universidad Autónoma Benito Juárez de Oaxaca. Biblioteca Francisco de Burgoa. Colección moderna
Descripción Física:611 p. : il. ; 23.5 cm.
Tema general:Bibliografía
Notas:Facsimil. Portada arquitectónica a dos tintas. Texto a renglón seguido con paginación en números arábigos y notas a pie de página. Incluye ilustraciones y fotografías. Incluye capitular con motivos florales. Encuadernación en keratol
LEADER 00925nam a22001690004500
035 |a 1058 
041 0 |a spa 
245 1 0 |a IV centenario de la imprenta en México, la primera en América conferencias sustentadas en su conmemoración 
260 |a en México : s.n., 1939. 
300 |a 611 p. : il. ; 23.5 cm.  
500 |a Facsimil. Portada arquitectónica a dos tintas. Texto a renglón seguido con paginación en números arábigos y notas a pie de página. Incluye ilustraciones y fotografías. Incluye capitular con motivos florales. Encuadernación en keratol 
504 |a Al final de la obra está el índice de contenido 
650 1 0 |a Bibliografía 
852 |a Universidad Autónoma "Benito Juárez" de Oaxaca, Biblioteca Francisco de Burgoa, Colección moderna 21566 
942 |c BURMOD 
943 |g Universidad Autónoma Benito Juárez de Oaxaca. Biblioteca Francisco de Burgoa. Colección moderna 
999 |c 1125501  |d 1125501